000 00733nam a2200205 a 4500
001 000040592
005 20201002034234.0
008 130902s1982 sp 001 0 spa d
020 _a9788475091853
040 _aDO-SdBNP
_bspa
_cBNPHU
100 1 _aKnapp, Mark L.
_966925
240 1 0 _aTítulo original.
_tEssentials of nonverbal communication.
245 3 _aLa comunicación no verbal :
_bel cuerpo y el entorno /
_cMark L. Knapp ; traducción de Marco Aurelio Galmarini.
260 _aBarcelona :
_bEdiciones Paidós,
_c1982.
300 _a373 p. ; 22 cm.
490 1 _aPaidós comunicación ;
_v1
504 _aIncluye índice.
700 1 _aGalmarini, Marco Aurelio,
_etr.
_946935
830 0 _aPaidós comunicación ;
_v1
_966926
999 _c40082
_d40082